LIBRARY & INFORMATION CENTRE, KCAET, TAVANUR

ONLINE PUBLIC ACCESS CATALOGUE (OPAC)

Udalvedam / | ഉടല്‍വേദം (Record no. 19483)

MARC details
000 -LEADER
fixed length control field 00400nam a22001577a 4500
003 - CONTROL NUMBER IDENTIFIER
control field OSt
008 - FIXED-LENGTH DATA ELEMENTS--GENERAL INFORMATION
fixed length control field 250830b |||||||| |||| 00| 0 eng d
041 ## - LANGUAGE CODE
Language code of text/sound track or separate title eng
082 ## - DEWEY DECIMAL CLASSIFICATION NUMBER
Classification number 894.812301
Item number VEL/UD
100 ## - MAIN ENTRY--AUTHOR NAME
Personal name Vellanadu, Manoj
245 ## - TITLE STATEMENT
Title Udalvedam /
Remainder of title ഉടല്‍വേദം
260 ## - PUBLICATION, DISTRIBUTION, ETC. (IMPRINT)
Place of publication Kottayam :
Name of publisher D.C. Books,
Year of publication 2025.
300 ## - PHYSICAL DESCRIPTION
Number of Pages 160 p.
650 ## - SUBJECT ADDED ENTRY--TOPICAL TERM
Topical Term Short stories
942 ## - ADDED ENTRY ELEMENTS (KOHA)
Koha item type Books
Holdings
Withdrawn status Lost status Damaged status Home library Current library Date acquired Source of acquisition Cost, normal purchase price Full call number Accession Number Koha item type
      KAUAET KAUAET 30/08/2025 Donated by KT Jaleel MLA 210.00 894.812301 VEL/UD 26306 Books
free website counter